| 000 | 00906nam a2200277Ia 4500 | ||
|---|---|---|---|
| 003 | OSt | ||
| 005 | 20220925223727.0 | ||
| 006 | a|||||r|||| 00| 0 | ||
| 007 | ta | ||
| 008 | 220923b |||||||| |||| 00| 0 eng d | ||
| 020 |
_a9780415424516 _c1136.6500000000001 |
||
| 037 |
_b33567, 25/11/2011, Segment Book Distrobutors _cGeneral Book |
||
| 040 |
_aRTL _cRTL _beng |
||
| 041 |
_2eng _aeng |
||
| 082 | _aY:3(N), P8 | ||
| 100 |
_aNeil Alex _9290245 |
||
| 245 | 0 |
_aArguing about art _b Contemporary philosophical debates |
|
| 250 | _a3 | ||
| 260 |
_aLondon _bRoutledge _c2008 |
||
| 300 |
_axv, 485p _ccm. |
||
| 500 | _aBibliography chapterwise | ||
| 650 |
_aEuropean Studies Programme Sociology _9233384 |
||
| 700 |
_a Ridley Aaron _929899 |
||
| 942 |
_hY:3(N), P8 _cGB _2CC |
||
| 999 |
_c580275 _d580275 |
||